Logo BPK

Bibliografia Prac Pracowników

Politechniki Koszalińskiej

Zastosowanie popiołów lotnych do produkcji spoiwa pyłowo-wapienno-gipsowego / (Rekord nr 7037)

Szczegóły MARC
000 -ETYKIETA REKORDU
podpole kontrolne o stałej długości 01094nab a2200229 i 4500
001 - NUMER KONTROLNY REKORDU
podpole kontrolne BPP
003 - IDENTYFIKATOR NUMERU KONTROLNEGO REKORDU
podpole kontrolne BPK
005 - DATA OSTATNIEJ MODYFIKACJI REKORDU
podpole kontrolne 20150224090236.0
008 - POLE O STAŁEJ DŁUGOŚCI - DANE KONTROLNE
podpole kontrolne o stałej długości 150224s1971 pl | | |000 ||lpo
040 ## - ŹRÓDŁO KATALOGOWANIA
Instytucja, która utworzyła rekord BPK
080 ## - UNIWERSALNA KLASYFIKACJA DZIESIĘTNA - UKD
UKD 691
100 ## - NAZWA OSOBOWA
Nazwa osobowa MARCINKOWSKI, Stefan.
Lata pracy 1969 - 1992.
Instytucja Wyższa Szkoła Inżynierska w Koszalinie - Wydział Budownictwa Lądowego,
Wydział Zespół Technologii Materiałów i Elementów Budowlanych
245 ## - TYTUŁ/ODPOWIEDZIALNOŚĆ
Tytuł Zastosowanie popiołów lotnych do produkcji spoiwa pyłowo-wapienno-gipsowego /
Pozostałe elementy strefy tytułu i oznaczenia odpowiedzialności Stefan Marcinkowski, Stanisław Babiński.
260 ## - STREFA ADRESU WYDAWNICZEGO
Data publikacji, dystrybucji/powstania dokumentu 1971.
500 ## - UWAGI OGÓLNE
Tekst uwagi Dane z autopsji.
520 ## - UWAGA DOTYCZĄCA TREŚCI DOKUMENTU
Analiza dokumentacyjna, adnotacja itp. W artykule omówiono możliwość i celowość wykorzystania popiołów lotnych uzyskiwanych z urządzeń odpylających zakładów energetycznych do produkcji spoiwa pyłowo-wapienno-gipsowego. Omówiono także aktywność pucolaniczną popiołów lotnych.
650 #0 - HASŁO PRZEDMIOTOWE W FORMIE NAZWY OGÓLNEJ LUB JEDNOSTKOWEJ
Nazwa ogólna lub geograficzna Materiały budowlane.
650 #0 - HASŁO PRZEDMIOTOWE W FORMIE NAZWY OGÓLNEJ LUB JEDNOSTKOWEJ
Nazwa ogólna lub geograficzna Materiały wiążące.
650 #0 - HASŁO PRZEDMIOTOWE W FORMIE NAZWY OGÓLNEJ LUB JEDNOSTKOWEJ
Nazwa ogólna lub geograficzna Popiół lotny.
773 ## - TYTUŁ DOKUMENTU MACIERZYSTEGO
Wyrażenie wprowadzające W :
Tytuł Ochrona Powietrza. -
Informacje dotyczące relacji R. 5, 1971, nr 4 (24), s. 17-20
942 ## - HASŁO DODATKOWE - ELEMENTY(KOHA)
Typ dokumentu Artykuł
Schemat klasyfikacji Uniwersalna klasyfikacja dziesiętna
Egzemplarze
Wycofany Zagubiony Uszkodzony Dostępność Lokalizacja stała Lokalizacja bieżąca Sygnatura Typ dokumentu
      Dostępny Bibliografia Prac Pracowników - BPK Bibliografia Prac Pracowników - BPK 0378 Artykuł
© 2014 Biblioteka Politechniki Koszalińskiej :: BIBLIOGRAFIA PRAC PRACOWNIKÓW